1279 1092 1212 1226 1413 1268 1007 1388 1984 1781 1778 1518 1189 1536 1810 1582 1859 1807 1096 1337 1747 1416 1146 1331 1411 1443 1635 1784 1160 1098 1304 1059 1355 1233 1899 1962 1175 1400 1183 1451 1844 1782 1856 1301 1885 1988 1080 1351 1914 1887 1155 1458 1227 1652 1590 1003 1999 1911 1351 1871 1612 1424 1906 1127 1360 1631 1864 1845 1947 1500 1600 1970 1289 1452 1093 1875 1181 1398 1074 1905 1540 1949 1624 1494 1290 1107 1499 1488 1959 1428 1263 1756 1602 1530 1679 1110 1970 1623 1854 BCNSPRNW ULIB Ver.6.0+V

เปลี่ยนเป็นภาษาไทย

Change to English
 แสดงรายละเอียดบรรณานุกรม
  กลับหน้าหลัก

Brief Record : Get Marc (ISO 2709) : E-mail record : QR code < ปิดหน้าต่าง
LEADER : 00000nam 2200000uu 4500
001    13399127498
003     ULIB
008    200617s2562||||th 000 0 tha d
020    ู^a9786168218044
050  0 ^aนว^bธ739ว
100    ^aธุวัฒธรรพ์
245    ^aวารีสีเลือด
250    ^aพิมพ์ครั้งที่ 1
260    ^aกรุงเทพฯ :^bกู๊ด คอนเทนส์,^c2562
300    ^a184 หน้า;^b21 ซม.
650    ^aนวนิยาย
945    ^p179^l0^i28404
999    ^aกัณชพร จุลอักษร
รายการนี้ยังไม่มีแท็ก
คุณยังไม่ได้ล็อกอิน คุณสามารถมีกิจกรรมร่วมกับเว็บไซต์ได้ แต่ต้องล็อกอินก่อน ::
  ล็อกอิน

รายการสื่อสารสนเทศ

ลำดับที่ ประเภท เลขเรียก/บาร์โค้ด สถานที่ สถานะ
1. นวนิยาย
นวนิยาย
นว ธ739ว ฉ.1 
  Barcode: 28404
ห้องสมุดวิทยาเขตนครสวรรค์
►หนังสือทั่วไป:l:General Books
บนชั้น

รายการใกล้เคียง
    ชื่อเรื่อง [วารีสีเลือด]

    ผู้แต่ง [ธุวัฒธรรพ์]

    หัวเรื่อง [นวนิยาย]

BibComment


ยังไม่เคยถูกคอมเมนท์

คอมเมนท์ทรัพยากรรายการนี้
  คอมเมนท์: วารีสีเลือด


 Copyright 2026. Bcnsprnw @Library